| 000 | 00679nam a2200217 u 4500 | ||
|---|---|---|---|
| 005 | 20240802063645.0 | ||
| 008 | 180207s2015 r 000 0 eng d | ||
| 020 | _a9786074627947 | ||
| 035 | _aUPN01000222790 | ||
| 049 | _aCG | ||
| 050 | 4 |
_aPQ6039 _bC3.2 |
|
| 100 | 1 |
_aCarreira, Antonio _941229 |
|
| 245 | 1 | 0 |
_aA vueltas con el exilio : _bde Juan José Domenchina a Gerardo Deniz / _cAntonio Carreira. |
| 260 |
_aMéxico : _bEl Colegio de México, _c2015. |
||
| 300 | _a383 p. | ||
| 440 | 0 |
_aLiteratura del exilio español ; _v13 |
|
| 650 | 4 |
_aLiteratura española _xHistoria y crítica _98085 |
|
| 650 | 7 |
_aExiliados _zMéxico _2 _926069 |
|
| 905 | _aLibro | ||
| 999 |
_c194887 _d194887 |
||